000 00872nam a2200205Ia 4500
003 OSt
005 20210520150325.0
008 210310s2003 ck ad gr 000 0 spa d
040 _aCO-JMCR
_cCO-JMCR
041 0 _aspa
082 0 4 _a330.1861 /
_bB213c
_223
110 1 _aBanco de la República.
_bCentro Regional de Estudios Económicos.
_c(Manizales).
_937723
245 1 0 _aColombia en cifras 2003 /
_cBanco de la República
260 _aBogotá :
_bBanco de la República,
_c2003.
300 _a54 páginas :
_bilustraciones y gráficas en blanco y negro ;
_c27 cm.
505 0 _aPrecios. -- Indicadores demográficos. -- Sector real. -- Comercio exterior. -- Movimiento de sociedades. -- Monetario y financiero. -- Fiscales. -- Siglas y convenciones.
650 1 4 _aEconomía
_zColombia
_97273
650 2 4 _aCifras económicas
_zColombia
_937724
942 _2ddc
_cBK
999 _c11761
_d11761